000 00989nam a22002777a 4500
005 2010080500250.0
008 100412t xxu||||| |||| 00| 0 ur d
010 _aUR-7586
020 _c160.00
_a9789380352015
035 _aU-6141
037 _bAl Hasanat Books
040 _adpl
_bur
082 _a270.082
100 _aمحمد کلیم
_9616
245 _aعو رت اور قرآن /
_cمحمد کلیم
_b
246 _aAurat Aur Qur'an /
_bby Muhd.Kaleem
260 _a دلّی
_bالحسنات بکس
_c2010
270 _a3004/2, Sir Syed Ahmad Road, Darya Ganj
_bNew Delhi
_e110002
_k2321845
_malhasanatbooks@rediffmail.com
300 _a352 ص
_b22 س م (Hb)
500 _a
600 _aکہا نی
_9966
600 _aStory
_9967
700 _96717
942 _2ddc
_cUR
_h270.082
_mم ح م
999 _c39528
_d39528